Aspects of Indian culture / (Record no. 145153)

MARC details
000 -LEADER
fixed length control field 00568nam a22001937a 4500
005 - DATE AND TIME OF LATEST TRANSACTION
control field 20170926111450.0
010 ## - LCCN (DPL NO)
LC control number ENG-120714
020 ## - INTERNATIONAL STANDARD BOOK NUMBER
International Standard Book Number 9789381325223
Terms of availability 400.00
035 ## - SYSTEM CONTROL NUMBER
System control number EN-104246
037 ## - SOURCE OF ACQUISITION
Source of stock number/acquisition DBAD/PUB
082 ## - DEWEY DECIMAL CLASSIFICATION NUMBER
Classification number 954.17
245 ## - TITLE STATEMENT
Title Aspects of Indian culture /
260 ## - PUBLICATION, DISTRIBUTION, ETC. (IMPRINT)
Place of publication, distribution, etc Kolkata
Name of publisher, distributor, etc The Ramakrishna Mission Institute of Culture
Date of publication, distribution, etc 2013
270 ## - ADDRESS
Address Gol Park
City Kolkata
Postal code 700029
300 ## - PHYSICAL DESCRIPTION
Extent xx,1026,[12]p.
Dimensions 24cm(Hb)
500 ## - GENERAL NOTE
General note Includes index
505 ## - FORMATTED CONTENTS NOTE
Formatted contents note vol-2-functional group approaches
942 ## - ADDED ENTRY ELEMENTS (KOHA)
Source of classification or shelving scheme Dewey Decimal Classification
Item type English Books
Classification part 954.17
Call number suffix ASP
Holdings
Withdrawn status Lost status Not for loan Collection code Home library Current library Date acquired Source of acquisition Cost, normal purchase price Full call number Barcode Copy number Cost, replacement price Koha item type
    Not For Loan Non-fiction D.B.Act.Division Bawana 21/09/2017 DBAD/PUB 400.00 954.17 ASP EN-104246 1 400.00 English Books

© Delhi Public Library
Hit Counter
free hit counter